| 000 | 00520nam a22001937a 4500 | ||
|---|---|---|---|
| 008 | 131007b xxu||||| |||| 00| 0 ger d | ||
| 020 | _a3446195955 | ||
| 041 | 0 | _ager | |
| 080 | _a004.42 | ||
| 100 | 1 | _aDoberenz, Walter | |
| 245 | 1 | 0 |
_aProgrammieren lernen in Borland Delphi 4 _cWalter Doberenz |
| 260 |
_aMunchen _aWien _bCarl Hanser Verlag _c1999 |
||
| 300 |
_a315 f. _bill. _c24 cm |
||
| 500 | _aParathenie [V]-[VI] | ||
| 650 | 0 | _aKompjuterat | |
| 650 | 0 | _aProgramimi | |
| 700 | 1 | _aKowalski, Thomas | |
| 942 |
_2udc _cBK |
||
| 999 |
_c41 _d41 |
||